000 00442nam a22001697a 4500
005 20251108172405.0
008 250721s1979 xx 000 0 eng d
082 1 4 _a340.115/OLI
100 1 _aOliver, J. M.
245 1 0 _aLaw and economic :
_bAn introduction /
264 1 _aLondon :
_bGeorge Allen,
_c1979.
300 _a108p.
490 0 _aEconomics and society series
650 1 7 _aEconomics law
942 _2ddc
_cBK
999 _c78039
_d78039